Brad Garlinghouse's peanut butter manifesto, part 2 /

Brad Garlinghouse, chief executive officer of YouSendIt, talks with Bloomberg's Jon Erlichman about finding success in tech. They speak on Bloomberg Television's 'Bloomberg West.'

Bibliographic Details
Corporate Author: Bloomberg News (Firm) (Producer)
Other Authors: Erlichman, Jon (Speaker)
Format: Video
Language:English
Language Notes:In English.
Published: New York : Bloomberg, 2013.
Series:Business and education in video
Subjects:
Online Access:Connect to this streaming video (Alexander Street Press)

MARC

Tag First Indicator Second Indicator Subfields
LEADER 00000cgm a2200000Ma 4500
001 in00005574513
006 m o c
007 cr |na---||a|a
007 vz |za|z|
008 140428s2013 nyu004 e o vueng d
005 20241201232223.6
035 |a (OCoLC)ocn890729381 
040 |a ALSTP  |b eng  |e pn  |c ALSTP  |d OCLCO  |d OCLCF  |d OCLCQ  |d OCLCO  |d OCLCA  |d OCLCQ  |d AU@  |d WYU  |d OCLCO  |d OCLCL 
035 |a (OCoLC)890729381 
050 4 |a HF 
049 |a TXAM 
245 0 0 |a Brad Garlinghouse's peanut butter manifesto, part 2 /  |c produced by Bloomberg. 
260 |a New York :  |b Bloomberg,  |c 2013. 
300 |a 1 online resource (4 min.). 
306 |a 000359 
336 |a two-dimensional moving image  |b tdi  |2 rdacontent 
337 |a computer  |b c  |2 rdamedia 
338 |a online resource  |b cr  |2 rdacarrier 
490 0 |a Business and education in video 
500 |a Title from resource description page (viewed Apr. 28, 2014). 
520 |a Brad Garlinghouse, chief executive officer of YouSendIt, talks with Bloomberg's Jon Erlichman about finding success in tech. They speak on Bloomberg Television's 'Bloomberg West.' 
546 |a In English. 
650 0 |a High technology industries. 
650 0 |a Technological innovations. 
650 6 |a Industries de pointe. 
650 6 |a Innovations. 
650 7 |a High technology industries.  |2 fast  |0 (OCoLC)fst00956428 
650 7 |a Technological innovations.  |2 fast  |0 (OCoLC)fst01145002 
655 7 |a Television news programs.  |2 fast  |0 (OCoLC)fst01710455 
655 7 |a Television news programs.  |2 lcgft 
655 7 |a Téléjournaux.  |2 rvmgf 
700 1 |a Erlichman, Jon.  |4 spk 
710 2 |a Bloomberg News (Firm)  |4 pro 
758 |i has work:  |a Brad Garlinghouse's Peanut Butter Manifesto, Part 2 (MovingImage)  |1 https://id.oclc.org/worldcat/entity/E39PCXFtR3dfm3FYxMmwbKDCV3  |4 https://id.oclc.org/worldcat/ontology/hasWork 
856 4 0 |u http://proxy.library.tamu.edu/login?url=https://www.aspresolver.com/aspresolver.asp?AVN2;2370504  |z Connect to this streaming video (Alexander Street Press)  |t 0 
955 |a Alexander Street Press subscription streaming video 
994 |a 92  |b TXA 
999 f f |s c17f40e4-6058-49dd-b0b4-92e57bb54cf6  |i c354e2bd-a631-4411-9ea2-ce84e2ad7d21  |t 0 
952 f f |a Texas A&M University  |b College Station  |c Electronic Resources  |d Available Online  |t 0  |e HF   |h Library of Congress classification 
998 f f |a HF   |t 0  |l Available Online